Isekai-Anime Serien - Statistiken

Allgemein
  • Dieses Quiz wurde 123 mal gespielt
  • Das Durchschnittsergebnis liegt bei 8 aus 92
Antwortstatistiken
Antwort % Korrekt
Re Zero
62%
Sword Art Online
62%
Konosuba
44%
Overlord
42%
That Time I got reincarnated as a Slime
41%
Mushoku Tensei
33%
No Game No Life
28%
In Another World with my Smartphone
22%
Arifureta
21%
Log Horizon
19%
The Devil is a Part-Timer
19%
Inuyasha
17%
The Eminence in Shadow
17%
Digimon
16%
Gate
15%
Angel Beats
14%
Wise Man's Grandchild
13%
Black Summoner
12%
Uncle from another World
11%
How not to summon a Demon Lord
10%
Skeleton Knight in another World
10%
Ascendance of a Bookworm
9%
My Isekai Life
9%
Reincarnated as a Sword
9%
Saga of Tanya the Evil
9%
Accel World
8%
Cautious Hero
8%
Parallel World Pharmacy
8%
So I'm a Spider, so what?
8%
Bofuri
7%
Death March to the parallel World Rhapsody
7%
Drifters
7%
.hack//
7%
The Familiar of Zero
7%
The Rising of Shield Hero
7%
I'm standing on a Million Lives
6%
By the Grace of the Gods
5%
Drugstore in another World
5%
Farming Life in another World
5%
High School Prodigies have it easy even in another world
5%
Knight's and Magic
5%
Kuma Kuma Kuma Bear
5%
The Faraway Paladin
5%
Welcome to Demon School Iruma-Kun
5%
Demon Lord Retry
4%
Isekai Cheat Magican
4%
Princess Connect Re-Dive
4%
Re Creators
4%
The 8th son? Are You Kidding me?
4%
The Reincarnation of the strongest Exorcist in another World
4%
The Saints Magic Power is Omnipotent
4%
Trapped in a Dating Sim
4%
Tsukimichi - Moonlight Fantasy
4%
Aesthetica of a Rogue Hero
3%
Dog Days
3%
Girls Bravo
3%
The Dungeon of Black Company
3%
The Fruit of Evolution
3%
Ya Boy Kongming!
3%
And you thought there is never a Girl online?
2%
Grimgar of Fantasy and Ash
2%
How a Realist Hero rebuild the Kingdom
2%
Isekai Izakaya
2%
Kemono Michi
2%
Miss Kobayashi's Dragon Maid
2%
The Master of Ragnarok & Blesser of Einherjar
2%
Didn't I tell You to make my Abilities average in the next Life
1%
Endride
1%
Fushigi Yugi
1%
My Next Life as Villainess
1%
Now and then, here and there
1%
Reborn to master the Blade
1%
The Great Jahy will not be defeated!
1%
The Magical Revolution of the reincarnated Princess and the genius young Lady
1%
The Twelve Kingdoms
1%
The Vision of Escaflowne
1%
The World's Finest Assassin gets reincarnated in another World as a Aristocrat
1%
Arata the Legend
0%
Aura Battler Dunbine
0%
Combatants will be dispachted
0%
Demon King from Today!
0%
Harem in the Labarynth of another World
0%
I've been killing slimes for 300 year and maxed out my Level
0%
Life of an Ordinary Guy who reincarnated into a total Fantasy Knockout
0%
Magic Knight Rayearth
0%
Otherside Picnic
0%
Outbreak Company
0%
Restaurant in another World
0%
Saving 80000 Gold in another World for my Retirement
0%
The Ambition of Oda Nobunaga
0%
The Demon Lord is reborn as a typical Nobody
0%
These Problem Children are Coming from another World, aren't they?
0%
Keine übereinstimmenden Quizze gefunden
Verteilung der Resultate
Anzahl Personen mit jedem Resultat
Perzentil nach korrekt beantworteten Fragen
Ihre Resultats-Entwicklung
Sie haben dieses Quiz noch nicht gespielt